| 000 | 02310nam0a2200409 4500 | ||
|---|---|---|---|
| 001 | RU\NLR\bibl\512720 | ||
| 005 | 20260406161206.0 | ||
| 010 |
_a5-7692-0612-8 _9350 |
||
| 021 |
_aRU _b2004-328 _919 |
||
| 035 | _aRSL-KNO-002403219 | ||
| 035 | _a(NLR Aleph) 000505200 | ||
| 090 |
_a1198449 _c1198449 |
||
| 100 | _a20040303d2003 |||y0rusy50 ca | ||
| 101 | 0 | _arus | |
| 102 | _aRU | ||
| 105 | _aa ||||||||| | ||
| 106 | _ar | ||
| 200 | 1 |
_aРеализация морфологического разнообразия в природных популяциях млекопитающих _e[Для зоологов, экологов, генетиков, преподавателей и студентов биол. фак. ун-тов _fА. Г. Васильев, В. И. Фалеев, Ю. К. Галактионов _gОтв. ред. засл. деят. науки РФ, д.б.н. Ю. С. Равкин] _gРос. акад. наук. Сиб. отд-ние, Ин-т систематики и экологии животных. Урал. отд-ние, Ин-т экологии растений и животных |
|
| 210 |
_aНовосибирск _cИзд-во СО РАН _d2003 |
||
| 215 |
_a230,[1] с. _cил., карт. _d25 |
||
| 300 | _aАвт. указаны на обороте тит.л. | ||
| 320 | _aБиблиогр.: с. 204-231 | ||
| 606 | 0 |
_aМлекопитающие _xИзменчивость внутривидовая _91612733 _3RU\NLR\auth\66710850 |
|
| 686 | _aЕ642.22 | ||
| 701 | 1 |
_4070 _8rus _7ca _aВасильев _bА. Г. _cд-р биол. наук _f1952- _gАлексей Геннадьевич _3RU\NLR\auth\7753691 _936623 |
|
| 701 | 1 |
_aФалеев _bВ. И. _4070 |
|
| 701 | 1 |
_aГалактионов _bЮ. К. _4070 |
|
| 702 | 1 |
_4340 _8rus _7ca _aРавкин _bЮ. С. _f1937- _gЮрий Соломонович _3RU\NLR\auth\7767395 _950323 |
|
| 712 | 0 | 2 |
_4570 _aИнститут систематики и экологии животных _cНовосибирск _3RU\NLR\AUTH\889932569 _9360415 |
| 801 | 0 |
_aRU _bRuMoRKP _c20040303 _gPSBO |
|
| 801 | 1 |
_aRU _bRuMoRKP _c20040303 |
|
| 801 | 2 |
_aRU _bNLR _c20040419 _gPSBO |
|
| 830 | _aАвт. не раскрыть, Ред. по базе согл. с орг. кат. | ||
| 942 | _cBOOK | ||
| 980 | _aNB | ||